<?xml version="1.0" encoding="UTF-8"?>
<collection xmlns="http://www.loc.gov/MARC21/slim">
  <record>
    <leader>00000nam  2200000   4500</leader>
    <controlfield tag="001">INLIS000000000017232</controlfield>
    <controlfield tag="005">20240830105253</controlfield>
    <datafield tag="035" ind1="#" ind2="#">
      <subfield code="a">0010-0624000135</subfield>
    </datafield>
    <controlfield tag="007">ta</controlfield>
    <controlfield tag="008">240830################|##########|#|##</controlfield>
    <datafield tag="084" ind1="#" ind2="#">
      <subfield code="a">R 014 PKA 2023</subfield>
    </datafield>
    <datafield tag="100" ind1=" " ind2="#">
      <subfield code="a">Rita Indrayani</subfield>
    </datafield>
    <datafield tag="245" ind1="1" ind2="#">
      <subfield code="a">Optimalisasi Kinerja Anggaran Melalui Penyusunan Petunjuk Pelaksanaan Mekanisme Usulan Anggaran Belanja Tambahan (ABT) dan Rancangan Sistem Aplikasi ABT (SIAP-ABT) Di Badan Nasional Penanggulangan Bencana /</subfield>
      <subfield code="c">Rita Indrayani</subfield>
    </datafield>
    <datafield tag="260" ind1="#" ind2="#">
      <subfield code="a">Jakarta :</subfield>
      <subfield code="b">Pusbangkom Pimnas dan Manajerial ASN,</subfield>
      <subfield code="c">2023</subfield>
    </datafield>
    <datafield tag="300" ind1="#" ind2="#">
      <subfield code="a">131 halaman ;</subfield>
      <subfield code="c">30 cm</subfield>
    </datafield>
    <datafield tag="650" ind1="#" ind2="4">
      <subfield code="a">Anggaran</subfield>
    </datafield>
    <datafield tag="650" ind1="#" ind2="4">
      <subfield code="a">Rancangan Sistem Aplikasi</subfield>
    </datafield>
    <datafield tag="520" ind1="#" ind2="#">
      <subfield code="a">Manajemen bencana harus dilaksanakan lebih optimal mulai dari aspek perencanaan, penanganan hingga pemulihan. Kegiatan ini meliputi pencegahan, penanganan darurat (siaga darurat, saat darurat dan transisi darurat,) dan pemulihan rehabilitasi dan rekontruksi. Aspek perencanaan memegang peran yang sangat pending dalam penanganan bencana terutama perencanaan pendanaan. Perencanaan pendanaan yang profesional, akuntabel dan sistematis akan menghasilkan manajemen kinerja penanggulangan bencana yang efektif, efisien, tepat sasaran dan akuntabel.</subfield>
    </datafield>
    <datafield tag="856" ind1="#" ind2="#">
      <subfield code="a">Perpustakaan LAN Pusat</subfield>
    </datafield>
    <datafield tag="990" ind1="#" ind2="#">
      <subfield code="a">24.06.014</subfield>
    </datafield>
  </record>
</collection>
